000 00481nam a22001577a 4500
003 OSt
005 20140310182208.0
008 130905t xxu||||| |||| 00| 0 eng d
050 _aDS 917
_b.K84 1980
082 _aHS 915.1904
_bK841 1980
245 _aKorea :
_bland of the morning calm /
_cKorea National Tourism Corporation
260 _aKorea :
_bKorea National Tourism Corporation,
_cc1980.
300 _a223 p. :
_bill. : col. ;
_c190 cm.
942 _2lcc
_cHS
999 _c10396
_d10396